| 000 | 00935cam a2200277 a 4500 | ||
|---|---|---|---|
| 001 | C00925154c-9 | ||
| 003 | CO-ViMGA | ||
| 005 | 20230915233137.0 | ||
| 008 | 010831r20021998mx a jr 00011 spa d | ||
| 020 | _a9789681658051 | ||
| 040 |
_aCO-ViMGA _bspa _cCO-ViMGA |
||
| 041 | 1 | _heng | |
| 043 | _an-us--- | ||
| 082 | 0 | 4 |
_aI813.5 _bN19s _219 ed. |
| 100 | 1 |
_aNaylor, Phyllis Reynolds. _93911 |
|
| 245 | 1 | 0 |
_aShiloh / _cPhyllis Reynolds Naylor ; ilustraciones de Tania Janco ; traducción de Laura Emilia Pacheco. |
| 260 |
_aMéxico : _bFondo de Cultura Económica, _c1998. |
||
| 300 |
_a146 p. : _bil. ; _c19cm. |
||
| 534 |
_pTítulo original. _tShiloh. |
||
| 650 | 1 | 4 |
_aCuentos juveniles estadounidenses. _91905 |
| 650 | 1 | 4 |
_aMascotas _x Cuentos juveniles. _93913 |
| 650 | 6 |
_aMitomanía _x Cuentos juveniles. _93912 |
|
| 700 | 1 |
_aJanco, Tania, _eil. _93914 |
|
| 700 | 1 |
_aPacheco, Laura Emilia, _etr. _93915 |
|
| 942 |
_2ddc _cBK |
||
| 999 |
_c35624 _d35624 |
||